| 000 | 00424nam a2200169Ia 4500 | ||
|---|---|---|---|
| 003 | OSt | ||
| 005 | 20230614145130.0 | ||
| 008 | 210423s2002 xx 000 0 und d | ||
| 040 | _cAL | ||
| 041 | _aeng | ||
| 082 |
_a370 _223 _b AIAN |
||
| 245 | _aNew fronteirs in education. | ||
| 260 |
_aNew Delhi _bNew Fronteirs in Education Trust _c2002 |
||
| 365 | _cINR | ||
| 906 | _aeducation. ; fronteirs ; New | ||
| 942 |
_2ddc _cBK |
||
| 999 |
_c174864 _d174864 |
||